000 01398nam a22003617a 4500
003 CHAP
005 20220329143417.0
008 090518s2007 mx r 00010 spa d
010 _a96186
011 _a97158
020 _a9703243096
035 _a107820
040 _cCHAP
082 0 4 _a379.118
_bM52
100 0 0 _aMendoza Rojas, Javier.
_974736
245 1 0 _aCabildeo legislativo para el presupuesto federal de educación superior :
_bpapel de la ANUIES y resultados en el periodo 2001 - 2007
_c/por Javier Mendoza Rojas
260 _aMéxico, D.F. :
_bANUIES,
_cc2007
300 _a167 p. :
_bcuadros, gráfs.
490 0 _aColección Biblioteca de la Educación Superior. Serie investigaciones
590 _aBATCH-UPD
_b10
_c20130110
_lUCH01
_h1248
590 _aBATCH-UPD
_b10
_c20130410
_lUCH01
_h0811
590 _aBATCH-UPD
_b10
_c20130914
_lUCH01
_h1003
590 _aCONVERSION
_b10
_c20130109
_lUCH01
_h1353
650 1 4 _aEducación superior
_xCostos.
_935619
650 1 4 _aEducación superior
_xFinanciamiento.
_935635
650 1 4 _aEducación superior
_xLeyes
_zMéxico.
_935645
650 1 4 _aEducación y Estado.
_935689
650 1 4 _aPolítica educativa.
_990539
830 0 0 _aColección Biblioteca de la Educación Superior. Serie investigaciones
_924721
901 _aBK
942 _cLIBRO
949 _a379.118 M52
_bBC
_cLIBRO
_d33724002081025
_eLIBRO
_gDonaciØn
_h110500
_i107820
_sb
999 _c96186
_d96186